000 00510nam a2200205Ia 4500
003 OSt
005 20140402151834.0
008 140130s9999 xx 000 0 und d
020 _a0590981811
050 _aPZ 7
_b.G2933My 1988
100 _aGeorge, Jean Craighead
245 _cJean Craighead George.
_aMy Side of the Mountain /
260 _bScholastic,
_c1988.
_aUSA :
300 _a177 p. :
_bill. ;
_c19 cm,
440 _v1
521 _aG6
526 _c810
942 _cBK
_2lcc
999 _c41182
_d41182